[Event "9th Hotel Opatija IM"]
[Site "Kastav CRO"]
[Date "2002.04.20"]
[Round "11"]
[White "Zelenika,S"]
[Black "Gombac,Jan"]
[Result "1/2-1/2"]
[WhiteElo "2388"]
[BlackElo "2225"]

1.e4 c5 2.Nf3 e6 3.d4 cxd4 4.Nxd4 a6 5.Bd3 Bc5 6.Nb3 Ba7 7.Qe2 Nc6 8.Be3 Bxe3
9.Qxe3 d6 10.Nc3 Nf6 11.O-O-O O-O 12.f4 Qc7 13.Rhg1 b5 14.g4 b4 15.Ne2 a5
16.Kb1 a4 17.Nd2 Ba6 18.g5 Nd7 19.h4 Bxd3 20.cxd3 b3 21.a3 Nb4  1/2-1/2

[Event "TSGM April"]
[Site "Belgrade YUG"]
[Date "2002.04.22"]
[Round "3"]
[White "Nyysti,S"]
[Black "Cabrilo,G"]
[Result "1-0"]
[WhiteElo "2242"]
[BlackElo "2501"]

1.e4 c5 2.Nf3 e6 3.d4 cxd4 4.Nxd4 a6 5.Bd3 Nf6 6.O-O d6 7.c4 g6 8.Nc3 Bg7
9.Nf3 Nc6 10.h3 Nd7 11.Bg5 Qc7 12.Rc1 O-O 13.Qd2 Nce5 14.Nxe5 Nxe5 15.Rfd1 b6
16.Bf1 f6 17.Be3 Nf7 18.Na4 Rb8 19.Qb4 Bd7 20.Nxb6 Bh6 21.Bxh6 Rxb6 22.Qd2 Nxh6
23.c5 dxc5 24.Qxd7 Qxd7 25.Rxd7 Rxb2 26.Bc4 Rb6 27.Re7 Rfb8 28.Rxe6 Kf8 29.Rxb6 Rxb6
30.Bd5 Rb5 31.a4 Rb4 32.Rxc5 Rxa4 33.Rc7  1-0

[Event "FSIM May"]
[Site "Budapest HUN"]
[Date "2002.05.05"]
[Round "2"]
[White "Szabo,K"]
[Black "Papp,Ge"]
[Result "1/2-1/2"]
[WhiteElo "2226"]
[BlackElo "2244"]

1.e4 c5 2.Nf3 e6 3.d4 cxd4 4.Nxd4 a6 5.Bd3 Bc5 6.Nb3 Ba7 7.O-O Nc6 8.Qe2 Nge7
9.Be3 e5 10.c4 d6 11.Bxa7 Rxa7 12.Nc3 Be6 13.Rfd1 O-O 14.Qe3 Ra8 15.Bf1 f5
16.f3 fxe4 17.fxe4 Ng6 18.Rd2 Qe7 19.Nd5 Bxd5 20.cxd5 Nd4 21.Nxd4 exd4 22.Qxd4 Rf4
23.Re1 Ne5 24.Rf2 Rxf2 25.Qxf2 Rf8 26.Qg3 Qd8 27.b3 Qa5 28.a4 Ng4 29.h3 Qc5+
30.Kh1 Ne5 31.Be2 Qc2 32.Qe3 h6 33.Rc1 Qb2 34.Rc7 Qb1+ 35.Rc1 Qb2 36.Rc7 Qb1+
37.Rc1  1/2-1/2

[Event "FSIM May"]
[Site "Budapest HUN"]
[Date "2002.05.05"]
[Round "2"]
[White "Berczes,C"]
[Black "Nemeth,Z"]
[Result "1-0"]
[WhiteElo "2243"]
[BlackElo "2364"]

1.e4 c5 2.Nf3 e6 3.d4 cxd4 4.Nxd4 a6 5.Bd3 Nf6 6.O-O d6 7.Qe2 g6 8.c4 Bg7
9.Nc3 O-O 10.Nf3 Nc6 11.Rd1 Qc7 12.h3 b6 13.Bf4 Nd7 14.Rac1 Nce5 15.Nxe5 Nxe5
16.b3 Bb7 17.Bb1 Rfd8 18.Bg5 Re8 19.Be3 Rab8 20.Qd2 Bf8 21.f4 Nc6 22.Qf2 Ba8
23.Nd5 exd5 24.cxd5 Rec8 25.dxc6 Bxc6 26.Bd4 Qb7 27.f5 Qe7 28.Bb2 Bh6 29.Rc3 Bg5
30.Rf3 Re8 31.f6 Qe6 32.Qg3 Bh6 33.Rxd6 Qc8 34.Rc3 Bxe4 35.Rxc8 Rbxc8 36.Bxe4 Rxe4
37.Rd1 Re2 38.Ba3 Re6 39.Be7 Bg7 40.Qc7 Re1+ 41.Kh2  1-0

[Event "Capablanca Mem Premier I"]
[Site "Havana CUB"]
[Date "2002.05.06"]
[Round "10"]
[White "Garcia Martinez,S"]
[Black "Cacho Reigadas,S"]
[Result "0-1"]
[WhiteElo "2395"]
[BlackElo "2469"]

1.e4 c5 2.Nf3 e6 3.d4 cxd4 4.Nxd4 a6 5.Bd3 Nf6 6.O-O Qc7 7.Qe2 d6 8.c4 g6
9.b3 Bg7 10.Bb2 O-O 11.Nd2 Nbd7 12.Rac1 b6 13.b4 Bb7 14.Bb1 Rac8 15.N4b3 Qb8
16.f4 e5 17.fxe5 Nxe5 18.Bd4 Rfe8 19.Qf2 a5 20.bxa5 bxa5 21.h3 a4 22.Na5 Ba8
23.Bc3 Nfd7 24.Bc2 Nc5 25.Qh4 Qa7 26.Kh1 Re6 27.Rb1 Ned3 28.Bxg7 Kxg7 29.Rb5 Rce8
30.Qg3 Ne5 31.Qc3 Kg8 32.Rfb1 Ned7 33.Qd4 Qc7 34.Rd1 Nf6 35.Re1 Qe7 36.Reb1 Nfxe4
37.Nxe4 Bxe4 38.Bxe4 Rxe4 39.Qd5 Qh4 40.Rf1 Rf4 41.Rbb1 Ne4 42.Kg1 Re5  0-1

[Event "FSIM May"]
[Site "Budapest HUN"]
[Date "2002.05.07"]
[Round "4"]
[White "Mueller,Mark"]
[Black "Nemeth,Z"]
[Result "1-0"]
[WhiteElo "2195"]
[BlackElo "2364"]

1.e4 c5 2.Nf3 e6 3.d4 cxd4 4.Nxd4 a6 5.Bd3 g6 6.O-O Bg7 7.Nb3 d6 8.f4 Nf6
9.N1d2 Qc7 10.f5 Nc6 11.Qe1 Ne5 12.Qg3 O-O 13.fxg6 fxg6 14.Nf3 Nh5 15.Qh4 Bd7
16.Nxe5 Rxf1+ 17.Bxf1 Bxe5 18.Be2 Rf8 19.Bh6 Ng7 20.c3 Qb6+ 21.Kh1 Qf2 22.Qxf2 Rxf2
23.Re1 Bc6 24.Kg1 Rf7 25.Bg4 Bd7 26.Na5 b5 27.Rd1 Ne8 28.Nb7 Nf6 29.Bf3 Bc6
30.Nd8 Bxe4 31.Bxe4 Nxe4 32.Nxf7 Kxf7 33.Rf1+ Bf6 34.Be3 Ke7 35.g3 d5 36.a4 b4
37.cxb4 Bxb2 38.Rb1 Be5 39.b5 a5 40.b6 Nc3 41.Rb3 d4 42.Bd2 Nxa4 43.b7 Bb8
44.Bxa5 Kd7 45.Rb4 Nc5 46.Rxd4+ Kc6 47.Rh4 Nxb7 48.Bd2 h5 49.g4 Kd5 50.gxh5 gxh5
51.Rxh5+ Ke4 52.Kg2 Nd6 53.Rh4+ Kf5 54.Kf3 Nf7 55.Bf4 e5 56.Be3 Bd6 57.h3 e4+
58.Ke2 Be5 59.Rg4 Nd6 60.Rg5+ Ke6 61.h4 Bf6 62.Rg4 Kf5 63.Rf4+ Ke5 64.h5 Nf5
65.Rg4 Nxe3 66.Kxe3 Kf5 67.Rf4+ Kg5 68.Kxe4 Be7 69.Rf5+ Kh6 70.Kf4 Bb4 71.Kg4 Bc3
72.Rc5 Bb2 73.Rc6+ Kg7 74.Kg5 Kh7 75.Rc7+ Kg8 76.Kg6  1-0

[Event "FSIM May"]
[Site "Budapest HUN"]
[Date "2002.05.09"]
[Round "6"]
[White "Szabo,K"]
[Black "Bui Vinh"]
[Result "0-1"]
[WhiteElo "2226"]
[BlackElo "2420"]

1.e4 c5 2.Nf3 e6 3.d4 cxd4 4.Nxd4 a6 5.Bd3 Nf6 6.O-O Qc7 7.Be3 d6 8.c4 b6
9.Nc3 Nbd7 10.Rc1 Be7 11.f3 Bb7 12.Qd2 O-O 13.Rfd1 Rac8 14.Bf1 Qb8 15.Qf2 Bd8
16.Kh1 Bc7 17.h3 Rfe8 18.b4 d5 19.cxd5 Bg3 20.Qd2 exd5 21.Nxd5 Bxd5 22.Rxc8 Qxc8
23.exd5 Nxd5 24.Bg5 N7f6 25.Rc1 Qb7 26.Nf5 Be5 27.Re1 g6 28.Bxf6 Nxf6 29.Qh6 Nh5
30.Qg5 f6 31.Qg4 Kf8 32.Rd1 Qc8 33.Ne3 Bf4 34.Nd5 Qc2 35.Ra1 Be5 36.Re1 Qf2
37.Rxe5 Qxf1+ 38.Kh2 fxe5 39.Nc7 Re7 40.Qc8+ Kf7 41.Nd5 Nf4 42.Nxf4 exf4  0-1

[Event "Dutch Team Playoffs"]
[Site "Enschede NED"]
[Date "2002.05.09"]
[Round "1"]
[White "Van Blitterswijk,S"]
[Black "Chuchelov,V"]
[Result "1/2-1/2"]
[WhiteElo "2398"]
[BlackElo "2593"]

1.e4 c5 2.Nf3 e6 3.d4 cxd4 4.Nxd4 a6 5.Bd3 Nf6 6.O-O Qc7 7.Qe2 d6 8.c4 g6
9.Nc3 Bg7 10.Nf3 O-O 11.Rd1 Nbd7 12.h3 b6 13.Bf4 Nh5 14.Bd2 Bb7 15.Rac1 Rac8
16.b3 Rfe8 17.Bb1 Qb8 18.Be3 Ba8 19.Qd2 Bf8 20.Bh6 Be7 21.Nd4 Nhf6 22.f4 Rc5
23.f5 e5 24.Nde2 b5 25.Bd3 bxc4 26.bxc4 Rec8 27.Ng3 Nb6 28.fxg6 hxg6 29.Nf5 Bd8
30.Ne3 Bc6 31.Rf1 Bd7 32.Qf2 Be6 33.Ncd5 Nbd7 34.Rb1 Qa7 35.Nf5 Bxd5 36.exd5 Qc7
37.Be3  1/2-1/2

[Event "Capablanca Mem Premier I"]
[Site "Havana CUB"]
[Date "2002.05.09"]
[Round "4"]
[White "Del Rio Angelis,S"]
[Black "Borges Mateos,J"]
[Result "1/2-1/2"]
[WhiteElo "2495"]
[BlackElo "2438"]

1.e4 c5 2.Nf3 e6 3.d4 cxd4 4.Nxd4 a6 5.Bd3 Nc6 6.Nxc6 bxc6 7.O-O Qc7 8.Qe2 d5
9.c4 dxe4 10.Bxe4 Nf6 11.Bf3 Bd6 12.g3 Bb7 13.Nc3 O-O 14.Rd1 Rfd8 15.Bg5 c5
16.Ne4 Be5 17.Nxf6+ Bxf6 18.Bxf6 gxf6 19.Rxd8+ Rxd8 20.Rd1 Rxd1+ 21.Qxd1 Bxf3
22.Qxf3 Qe5 23.Qa8+ Kg7 24.Qxa6 Qe1+  1/2-1/2

[Event "XI MKD-Cup"]
[Site "Stip MKD"]
[Date "2002.05.09"]
[Round "2"]
[White "Gicev,B"]
[Black "Micov,V"]
[Result "1-0"]
[WhiteElo "2344"]
[BlackElo "2256"]

1.e4 c5 2.Nf3 e6 3.d4 cxd4 4.Nxd4 a6 5.Bd3 Nc6 6.Nxc6 bxc6 7.O-O d5 8.Nc3 Nf6
9.Qe2 Be7 10.b3 O-O 11.Bb2 c5 12.Rae1 c4 13.bxc4 Rb8 14.Ba1 d4 15.Nb1 e5
16.c3 Bc5 17.cxd4 Bxd4 18.Nc3 Bg4 19.Qc2 Nd7 20.Nd5 Bxa1 21.Rxa1 Nc5 22.Qc3 Qd6
23.f4 exf4 24.Rxf4 Bh5 25.e5 Qd8 26.Bc2 Ne6 27.Rf2 Rc8 28.Qh3 Bg6 29.Bxg6 hxg6
30.Qa3 Rxc4 31.Ne7+ Kh7 32.Qh3+  1-0

[Event "FSIM May"]
[Site "Budapest HUN"]
[Date "2002.05.11"]
[Round "8"]
[White "Vass,V"]
[Black "Brustkern,J"]
[Result "1/2-1/2"]
[WhiteElo "2218"]
[BlackElo "2293"]

1.e4 c5 2.Nf3 e6 3.d4 cxd4 4.Nxd4 a6 5.Bd3 Qb6 6.Nb3 Qc7 7.O-O Nf6 8.Qe2 d6
9.Nc3 b5 10.a3 Be7 11.f4 Nc6 12.Kh1 O-O 13.Bd2 Bb7 14.Rae1 Nd7 15.Qg4 Bf6
16.Qh3 g6 17.f5 Rfe8 18.fxe6 fxe6 19.Be2 Bg7 20.Bg4 Nf8 21.Bh6 Ne5 22.Be2 Nc4
23.Bxg7 Qxg7 24.Bxc4 bxc4 25.Na5 Rac8 26.Qg3 Red8 27.Rd1 Qc7 28.Nxb7 Qxb7
29.Rxd6 Rxd6 30.Qxd6 Qxb2 31.Qxa6 Rc7 32.Qa5 Rf7 33.Kg1 Rxf1+ 34.Kxf1 Qc1+
35.Kf2 Qxc2+ 36.Kf1 g5 37.Qxg5+ Ng6 38.Qd8+ Nf8 39.Qg5+ Ng6  1/2-1/2

[Event "Croatian Cup"]
[Site "Pula CRO"]
[Date "2002.05.11"]
[Round "5"]
[White "Dabo Peranic,R"]
[Black "Rezan,S"]
[Result "1/2-1/2"]
[WhiteElo "2282"]
[BlackElo "2392"]

1.e4 c5 2.Nf3 e6 3.d4 cxd4 4.Nxd4 a6 5.Bd3 Nc6 6.Nxc6 dxc6 7.Nd2 e5 8.Qh5 Bd6
9.Nc4 Nf6 10.Nxd6+ Qxd6 11.Qe2 O-O 12.O-O Bg4 13.f3 Be6 14.Be3 Nd7 15.Qf2 c5
16.Rfd1 Qc6 17.Bf1 Rfd8 18.Rd2 Nf6 19.Rad1 Rxd2 20.Qxd2 h6 21.Qc3 Nd7 22.Bc4 Bxc4
23.Qxc4 Rc8 24.Qd5 Qxd5 25.Rxd5 Rc7 26.f4 Kf8 27.fxe5 Ke7 28.a4 Ke6 29.a5 Rc6
30.Kf2 f6 31.exf6 Nxf6 32.Rd8 Nxe4+ 33.Kf3 Nd6 34.b3 Nf5 35.Rb8 Nxe3 36.Kxe3 Rc7
37.Ke4 Kd6 38.g4 Rf7 39.h4 g5 40.Rh8 Rf4+ 41.Kd3 c4+ 42.bxc4 Rxg4 43.Rxh6+ Kc5
44.hxg5 Rg3+ 45.Kd2 Rxg5 46.Rh7 Kc6 47.Rh6+ Kc7 48.Rh7+ Kb8 49.Kc3 Rxa5 50.Kb4 Ra2
51.Kb3 Ra1 52.Rh5 Rb1+ 53.Ka4 Kc7 54.c3 Kc6 55.Rg5 Ra1+ 56.Kb3  1/2-1/2

[Event "Tanta Open"]
[Site "Tanta City EGY"]
[Date "2002.05.13"]
[Round "1"]
[White "Sameeh,H"]
[Black "Ahmed,Es"]
[Result "1-0"]
[WhiteElo "2333"]
[BlackElo "2395"]

1.e4 c5 2.Nf3 e6 3.d4 cxd4 4.Nxd4 a6 5.Bd3 Nf6 6.O-O Qc7 7.c4 Nc6 8.Nxc6 dxc6
9.Nc3 e5 10.Be3 Be6 11.Be2 b5 12.Qc2 Be7 13.Rac1 Qb8 14.f3 O-O 15.Nd1 Nd7
16.c5 a5 17.b3 a4 18.b4 a3 19.Nc3 Qe8 20.Rfd1 Nb8 21.Rb1 Na6 22.Rd2 f6 23.Nd1 Qf7
24.Nf2 Rfd8 25.Rxd8+ Bxd8 26.Qc3 Nc7 27.Bd1 Bxa2 28.Ra1 Kf8 29.Bc1 Bc4 30.Rxa3 Rxa3
31.Qxa3 Qd7 32.Be3 Ne6 33.g3 Qb7 34.Kg2 Nc7 35.f4 exf4 36.gxf4 Ne6 37.f5 Nc7
38.Bf4 Qa6 39.Qh3 Ne8 40.Qxh7 Bg8 41.Qh8 Qa2 42.Qh3 Qb2 43.Qd3 Be7 44.Qd2 Qxd2
45.Bxd2 Bd8 46.Nd3 Nc7 47.Bf3 Na6 48.e5 Bc4 49.Nf4 Bc7 50.Ng6+ Kg8 51.e6 Nb8
52.Be4 Be2 53.h4 Be5 54.Bf3 Bxf3+ 55.Kxf3 Bh2 56.Bf4  1-0

[Event "FSIM May"]
[Site "Budapest HUN"]
[Date "2002.05.14"]
[Round "11"]
[White "Papp,Ge"]
[Black "Brustkern,J"]
[Result "1/2-1/2"]
[WhiteElo "2244"]
[BlackElo "2293"]

1.e4 c5 2.Nf3 e6 3.d4 cxd4 4.Nxd4 a6 5.Bd3 Qb6 6.Nb3 Qc7 7.O-O Nf6 8.Kh1 d6
9.f4 g6 10.Nc3 Bg7 11.a4 O-O 12.a5 b5 13.axb6 Qxb6 14.Qe2 Bb7 15.Be3 Qc7
16.Na5 Bc8 17.e5 Nd5 18.exd6 Qxd6 19.Nc4 Qd8 20.Bc5 Re8 21.Ne4 Bb7 22.Ncd6 Re7
23.c4 Nf6 24.Nxb7 Rxb7 25.Nxf6+ Bxf6 26.Qf3 Nd7 27.Be4 Nxc5 28.Bxb7 Ra7 29.Rfd1 Qb6
30.Be4 Qxb2 31.Rab1 Qa2 32.Qe3 Rc7 33.Rbc1 Qa4 34.Bf3 Qb3 35.Qe2  1/2-1/2

[Event "Capablanca Mem Premier I"]
[Site "Havana CUB"]
[Date "2002.05.15"]
[Round "9"]
[White "Alonso,Re"]
[Black "Garcia Martinez,S"]
[Result "1/2-1/2"]
[WhiteElo "2398"]
[BlackElo "2395"]

1.e4 c5 2.Nf3 e6 3.d4 cxd4 4.Nxd4 a6 5.Bd3 Bc5 6.Nb3 Ba7 7.Qe2 Nc6 8.Be3 Nge7
9.Nc3 Bxe3 10.Qxe3 d6 11.f4 O-O 12.O-O-O Qc7 13.g4 b5 14.f5 Ne5 15.Rhg1 b4
16.Ne2 a5 17.f6 N7g6 18.fxg7 Kxg7  1/2-1/2

[Event "Open"]
[Site "Pula CRO"]
[Date "2002.05.16"]
[Round "6"]
[White "Kutuzovic,B"]
[Black "Gombac,Jan"]
[Result "1/2-1/2"]
[WhiteElo "2406"]
[BlackElo "2233"]

1.e4 c5 2.Nf3 e6 3.d4 cxd4 4.Nxd4 a6 5.Bd3 Nc6 6.Nxc6 bxc6 7.O-O Qc7 8.Qe2 d5
9.c4 Nf6 10.exd5 cxd5 11.Bg5 dxc4 12.Bxc4 Bd6 13.h3 O-O 14.Nd2 Bb7 15.Rfc1 Qa5
16.Be3 Nd5 17.Bxd5 Qxd5 18.f3  1/2-1/2

[Event "Open"]
[Site "Pula CRO"]
[Date "2002.05.16"]
[Round "6"]
[White "Bakre,T"]
[Black "Hulak,K"]
[Result "0-1"]
[WhiteElo "2458"]
[BlackElo "2553"]

1.e4 c5 2.Nf3 e6 3.d4 cxd4 4.Nxd4 a6 5.Bd3 Nf6 6.c4 Nc6 7.Nf3 Bc5 8.O-O Qc7
9.Nc3 Ng4 10.g3 h5 11.Bf4 d6 12.a3 h4 13.b4 Ba7 14.gxh4 Nge5 15.Bg3 Nxf3+
16.Qxf3 Bd4 17.Rac1 Qe7 18.Bb1 Ne5 19.Qe2 Qf6 20.Nd1 Nf3+ 21.Kh1 Be5 22.Ne3 Rxh4
23.Nf5 Rxh2+ 24.Bxh2 Nxh2 25.f4 Nxf1 26.fxe5 Qxf5 27.Rxf1 Qh3+ 28.Kg1 Qg3+
29.Kh1 Qh3+ 30.Kg1 dxe5 31.Qf2 Qg4+ 32.Kh1 Qh3+ 33.Kg1 Qg4+ 34.Kh1 Qh5+ 35.Kg1 Bd7
36.Qc5 Bc6 37.Bc2 Qg4+ 38.Kh2 Rd8  0-1

[Event "IHEM"]
[Site "Hamburg GER"]
[Date "2002.05.18"]
[Round "1"]
[White "Chevelevitch,E"]
[Black "Votava,J"]
[Result "1/2-1/2"]
[WhiteElo "2278"]
[BlackElo "2508"]

1.e4 c5 2.Nf3 e6 3.d4 cxd4 4.Nxd4 a6 5.Bd3 g6 6.c4 Bg7 7.Be3 d6 8.Nc3 Nf6
9.O-O O-O 10.Be2 b6 11.Qd2 Bb7 12.f3 Nbd7 13.Rfd1 d5 14.exd5 exd5 15.cxd5 Nxd5
16.Nxd5 Bxd5 17.Nf5 gxf5 18.Qxd5 Qe7 19.Bf2 Qxe2 20.Qxd7 Qxb2 21.Rab1 Qxa2
22.Rxb6 a5 23.Qxf5 Rfd8 24.Rxd8+ Rxd8 25.h4 a4 26.Ra6 h6 27.Bg3 a3 28.Kh2 Qd5
29.Qxd5 Rxd5 30.Rxa3 Be5 31.Re3 Bxg3+ 32.Kxg3 Kg7 33.Kf4 Ra5  1/2-1/2

[Event "V It"]
[Site "Santo Antonio POR"]
[Date "2002.05.20"]
[Round "1"]
[White "Korneev,O"]
[Black "Galego,L"]
[Result "1-0"]
[WhiteElo "2599"]
[BlackElo "2532"]

1.e4 c5 2.Nf3 e6 3.d4 cxd4 4.Nxd4 a6 5.Bd3 Nc6 6.Nxc6 dxc6 7.O-O e5 8.Nd2 Nf6
9.Nc4 Nd7 10.a4 a5 11.Qe1 Bc5 12.Bd2 b6 13.Kh1 Qh4 14.Bc3 f6 15.b4 axb4 16.Bxb4 Ba6
17.a5 b5 18.Nb6 Nxb6 19.axb6 Bxb6 20.Qc3 Bb7 21.Bc5 Bxc5 22.Qxc5 Qg4 23.Rxa8+ Bxa8
24.Ra1 Kf7 25.Ra7+ Kg6 26.h3 Qg5 27.g3 Kh6 28.Kg2 Qg6 29.h4 Qe8 30.Qe3+ g5
31.Qf3 Qe6 32.Be2 g4 33.Qe3+ Kg6 34.h5+ Kxh5 35.Rg7  1-0

[Event "ch-LTU"]
[Site "Vilnius LTU"]
[Date "2002.05.22"]
[Round "8"]
[White "Sulskis,S"]
[Black "Sarakauskas,G"]
[Result "1/2-1/2"]
[WhiteElo "2577"]
[BlackElo "2388"]

1.e4 c5 2.Nf3 e6 3.d4 cxd4 4.Nxd4 a6 5.Bd3 Nf6 6.O-O Qc7 7.f4 Bc5 8.c3 Nc6
9.Kh1 b5 10.a4 b4 11.e5 Bxd4 12.cxd4 Nd5 13.Qg4 Bb7 14.Nd2 Ne3 15.Qxg7 O-O-O
16.Ne4 Nxf1 17.Nd6+ Kb8 18.Bxf1 Nxd4 19.Be3 Nf5 20.Nxf5 exf5 21.Rc1 Bc6 22.Qxf7 Rhg8
23.Kg1 Rg6 24.g3 Qa5 25.Bc5 Rc8 26.Qxh7 Re6 27.Rc4 Bd5 28.Ba7+ Kxa7 29.Qxd7+ Bb7
30.Qxe6 Rxc4 31.Bxc4 Qc5+ 32.Kf1 Qe3  1/2-1/2

[Event "Spring"]
[Site "Tel Aviv ISR"]
[Date "2002.05.24"]
[Round "6"]
[White "Kaplivatski,A"]
[Black "Kudischewitsch,D"]
[Result "0-1"]
[WhiteElo "2234"]
[BlackElo "2376"]

1.e4 c5 2.Nf3 e6 3.d4 cxd4 4.Nxd4 a6 5.Bd3 g6 6.Nc3 Bg7 7.Be3 Ne7 8.f4 O-O
9.Qf3 Nbc6 10.Nxc6 bxc6 11.e5 d6 12.O-O dxe5 13.fxe5 Bxe5 14.Bh6 Qd4+ 15.Rf2 Bg7
16.Be3 Qb4 17.Ne4 f5 18.Raf1 Qxb2 19.Bc5 Bd7 20.Ng5 Rfe8 21.Qg3 Qe5 22.Qxe5 Bxe5
23.Re2 Bf6 24.Nxe6 Nd5 25.Nd4 a5 26.Rb1 Nc3 27.Bc4+ Kh8 28.Rxe8+ Bxe8 29.Rb7 Na4
30.Ra7 Rb8  0-1

[Event "Elekes Mem IM"]
[Site "Budapest HUN"]
[Date "2002.05.25"]
[Round "8"]
[White "Benda,H"]
[Black "Brustkern,J"]
[Result "1-0"]
[WhiteElo "2303"]
[BlackElo "2293"]

1.e4 c5 2.Nf3 e6 3.d4 cxd4 4.Nxd4 a6 5.Bd3 Qb6 6.Nb3 Qc7 7.O-O Nf6 8.f4 d6
9.Nc3 Nbd7 10.a4 b6 11.Be3 Bb7 12.Kh1 Be7 13.Qe2 O-O 14.Bg1 Rfe8 15.Rae1 e5
16.f5 d5 17.Nxd5 Nxd5 18.exd5 Bxd5 19.Be4 Bxe4 20.Qxe4 Rac8 21.c3 Bg5 22.Re2 Nf6
23.Qd3 Qb7 24.Rd1 h6 25.Ree1 Re7 26.Qd6 Rc6 27.Qb4 Qc7 28.a5 b5 29.Bb6 Qb7
30.Nc5 Rxc5 31.Rd8+ Kh7 32.Qxc5 e4 33.Qc8 Qxc8 34.Rxc8 Bd2 35.Re2 e3 36.g3 Re5
37.Ra8 Nd5 38.Bd4 Rxf5 39.Rxa6 Rf1+ 40.Kg2 Rb1 41.Rd6  1-0

[Event "V It"]
[Site "Santo Antonio POR"]
[Date "2002.05.25"]
[Round "6"]
[White "Damaso,R"]
[Black "Spraggett,K"]
[Result "0-1"]
[WhiteElo "2434"]
[BlackElo "2515"]

1.e4 c5 2.Nf3 e6 3.d4 cxd4 4.Nxd4 a6 5.Bd3 Nf6 6.O-O d6 7.c4 Qc7 8.Nc3 Be7
9.b3 b5 10.Bb2 b4 11.Nce2 Nbd7 12.a3 bxa3 13.Bxa3 Nc5 14.Nc3 Bb7 15.f3 Nxd3
16.Qxd3 O-O 17.Rfd1 Rfd8 18.Bb4 Re8 19.Ba5 Qb8 20.b4 Nd7 21.Na4 Qa7 22.Kh1 Rac8
23.Qb3 Bf6 24.Qc3 h6 25.Rac1 d5 26.exd5 Bxd5 27.c5 Qb8 28.Qd3 Qf4 29.Nc3 Be5
30.g3 Qxd4 31.Qxd4 Bxf3+ 32.Kg1 Bxd4+ 33.Rxd4 Ne5 34.Na4 Bc6  0-1

[Event "Open A"]
[Site "Ostrava CZE"]
[Date "2002.05.26"]
[Round "10"]
[White "Staszko,M"]
[Black "Potomak,V"]
[Result "0-1"]
[WhiteElo "2089"]
[BlackElo "2201"]

1.e4 c5 2.Nf3 e6 3.d4 cxd4 4.Nxd4 a6 5.Bd3 Nf6 6.O-O d6 7.c4 g6 8.Nc3 Bg7
9.Be3 O-O 10.Qe2 Qc7 11.Rac1 Nc6 12.Nxc6 bxc6 13.f4 c5 14.g4 h6 15.h4 h5
16.gxh5 Nxh5 17.Qf2 Bb7 18.Be2 Bxc3 19.Bxh5 Bf6 20.Bf3 Kg7 21.f5 Rh8 22.h5 exf5
23.exf5 Bxf3 24.Qxf3 g5 25.Rc2 Rae8 26.Bf2 Re7 27.Re2 Rhe8 28.Rxe7 Rxe7 29.b3 Qd7
30.Bg3 Bd4+ 31.Kg2 f6 32.h6+ Kh7 33.Qh5 Qe8 34.Qxe8 Rxe8 35.Re1 Rxe1 36.Bxe1 Kxh6
37.Kf3 Kh5 38.Bd2 Be5 39.Kg2 Kg4 40.Kf2 Kxf5  0-1

[Event "Guillermo Garcia TORRE"]
[Site "Santa Clara CUB"]
[Date "2002.05.27"]
[Round "8"]
[White "Abreu,A"]
[Black "Garcia Martinez,S"]
[Result "1-0"]
[WhiteElo "2480"]
[BlackElo "2395"]

1.e4 c5 2.Nf3 e6 3.d4 cxd4 4.Nxd4 a6 5.Bd3 Nf6 6.O-O Qc7 7.Qe2 d6 8.c4 Be7
9.Nc3 O-O 10.f4 Nbd7 11.Bd2 Rd8 12.Rae1 Nf8 13.Kh1 b6 14.Qf3 Bb7 15.f5 Re8
16.Qg3 Kh8 17.Qh3 Bd8 18.Bg5 exf5 19.Nxf5 Ne6 20.Nxg7 Nxg5 21.Nxe8 Nxe8 22.Qh6 Kg8
23.Nd5 Qd7 24.h4 Ne6 25.e5  1-0

[Event "FSIM June"]
[Site "Budapest HUN"]
[Date "2002.06.03"]
[Round "3"]
[White "Alfred,N"]
[Black "Bui Vinh"]
[Result "1/2-1/2"]
[WhiteElo "2246"]
[BlackElo "2420"]

1.e4 c5 2.Nf3 e6 3.d4 cxd4 4.Nxd4 a6 5.Bd3 Qc7 6.O-O Nf6 7.Qe2 Nc6 8.Nxc6 dxc6
9.e5 Nd7 10.f4 b5 11.Nd2 Bb7 12.Ne4 Be7 13.c4 Nc5 14.Nxc5 Bxc5+ 15.Kh1 g6
16.Be3 Qb6 17.Bxc5 Qxc5 18.Rac1 b4 19.Rcd1 O-O-O 20.Be4 a5 21.b3 Kc7 22.h3 Kb6
23.Rd3 Rxd3 24.Qxd3 Kc7 25.Rd1 Qe7 26.Kg1 Ra8 27.Qd4 c5 28.Qe3 Bxe4 29.Qxe4 Rd8
30.Rd3 Kb6 31.Qe3 Rd7 32.Qd2 Kc7 33.Kf2 Qd8 34.Rxd7+ Qxd7 35.Qxd7+ Kxd7 36.Kf3 Ke7
37.Kg4 Kf8 38.h4 Kg7 39.Kf3 Kh6 40.g4 Kg7 41.g5  1/2-1/2

[Event "TCh-BIH"]
[Site "Neum BIH"]
[Date "2002.06.06"]
[Round "7"]
[White "Feletar,D"]
[Black "Cvitan,O"]
[Result "1/2-1/2"]
[WhiteElo "2435"]
[BlackElo "2570"]

1.e4 c5 2.Nf3 e6 3.d4 cxd4 4.Nxd4 a6 5.Bd3 Nf6 6.O-O Qc7 7.Qe2 d6 8.c4 g6
9.Nc3 Bg7 10.Nf3 O-O 11.Bf4 Nc6 12.Rac1 Nd7  1/2-1/2

[Event "TCh-BIH"]
[Site "Neum BIH"]
[Date "2002.06.07"]
[Round "8"]
[White "Arapovic,V"]
[Black "Martinovic,S"]
[Result "1-0"]
[WhiteElo "2446"]
[BlackElo "2450"]

1.e4 c5 2.Nf3 e6 3.d4 cxd4 4.Nxd4 a6 5.Bd3 Nf6 6.O-O d6 7.c4 Bd7 8.Nc3 Nc6
9.Nxc6 Bxc6 10.Qe2 Be7 11.b3 O-O 12.Bb2 Re8 13.Kh1 Nd7 14.Rad1 Bf6 15.Bb1 Qa5
16.Qc2 Qh5 17.f4 Be7 18.Rd3 Nf8 19.Rh3 Qa5 20.e5 h6 21.Ne4 Bxe4 22.Qxe4 Ng6
23.Rg3 d5  1-0

[Event "3rd IECC"]
[Site "Batumi GEO"]
[Date "2002.06.15"]
[Round "4"]
[White "Erdogdu,M"]
[Black "Ipek,A"]
[Result "1-0"]
[WhiteElo "2295"]
[BlackElo "2263"]

1.e4 c5 2.Nf3 e6 3.d4 cxd4 4.Nxd4 a6 5.Bd3 Nf6 6.O-O Qc7 7.Qe2 d6 8.c4 Be7
9.b3 b6 10.Bb2 Bb7 11.Nc3 Nbd7 12.Rae1 O-O 13.f4 g6 14.f5 e5 15.Nc2 Nc5 16.Kh1 a5
17.Bc1 a4 18.b4 Nxd3 19.Qxd3 Rfc8 20.Ne3 a3 21.fxg6 hxg6 22.Rf3 Rf8 23.Ref1 Qd8
24.Ned5 Nh7 25.Bh6 Bg5 26.Bxf8 Qxf8 27.Rxf7 Qxf7 28.Rxf7 Kxf7 29.Nxb6 Rd8
30.Ncd5 Kg7 31.Qxa3 Rf8 32.g3 Bd8 33.Qe3 Ng5 34.Na4 Rf1+ 35.Kg2 Ra1 36.Qa7 Rxa2+
37.Kf1 Nf7 38.Qxb7 Rxa4 39.h4 Ra3 40.Kg2 Ra2+ 41.Kh3 Rc2 42.Qc6 Re2 43.b5 Rxe4
44.b6 Bxb6 45.Nxb6 Re2 46.Qf3 Rb2 47.Nd7 Nh6 48.Qf8+  1-0

[Event "3rd IECC"]
[Site "Batumi GEO"]
[Date "2002.06.18"]
[Round "7"]
[White "Cheparinov,I"]
[Black "Markowski,T"]
[Result "1/2-1/2"]
[WhiteElo "2457"]
[BlackElo "2538"]

1.e4 c5 2.Nf3 e6 3.d4 cxd4 4.Nxd4 a6 5.Bd3 Nf6 6.O-O d6 7.c4 Bd7 8.Nc3 Nc6
9.Nxc6 Bxc6 10.b4 b6 11.Bb2 Be7 12.f4 O-O 13.Qe2 a5 14.a3 axb4 15.axb4 Rxa1
16.Rxa1 Nd7 17.Rd1 Re8 18.Bb1 Qc7 19.Qd3 Rd8 20.Nd5 exd5 21.exd5 g6 22.dxc6 Qxc6
23.Qe4 Qxe4 24.Bxe4 Rc8 25.Bd5 Nf6 26.Bxf6 Bxf6 27.b5 Bc3 28.Bc6 Bb4 29.Ra1 Rc7
30.Ra8+ Kg7 31.Kf2 Re7 32.Re8 Ra7 33.Ra8 Re7 34.Re8  1/2-1/2

[Event "ISYG-W16"]
[Site "Moscow RUS"]
[Date "2002.06.18"]
[Round "1"]
[White "Doibani,L"]
[Black "Kursova,M"]
[Result "0-1"]
[WhiteElo "2022"]
[BlackElo "2255"]

1.e4 c5 2.Nf3 e6 3.d4 cxd4 4.Nxd4 a6 5.Bd3 Qb6 6.Nf3 Nc6 7.Qe2 d6 8.O-O Be7
9.c4 Nf6 10.Nc3 O-O 11.Be3 Qd8 12.Rfd1 Ng4 13.Bf4 Nge5 14.Be3 Bd7 15.Nxe5 dxe5
16.Bc2 Qc7 17.Na4 Be8 18.Bb6 Qc8 19.a3 Nb8 20.Rd2 Nd7 21.Rad1 Qc6 22.Ba5 b5
23.Nc3 Nb6 24.Bxb6 Qxb6 25.cxb5 axb5 26.Qh5 f5 27.Qe2 f4 28.Rd3 Bc5 29.Bb3 Kh8
30.R1d2 Bd4 31.h3 Rf6 32.Qe1 Bc6 33.Rf3 Raf8 34.Ne2 Bc5 35.Bc2 b4 36.axb4 Bxb4
37.Nc3 Be8 38.Rfd3 g5 39.Qd1 Qb7 40.Rd8 Bc5 41.Ba4 Bxa4 42.Nxa4 Bd4 43.Rxf8+ Rxf8
44.Nc3 Qb6 45.Qe2 Ra8 46.Nb5 Bxf2+ 47.Qxf2 Ra1+ 48.Kh2 Qxb5 49.Rd8+ Kg7 50.Qd2 Qb6  0-1

[Event "6th Open"]
[Site "Voronezh RUS"]
[Date "2002.06.19"]
[Round "7"]
[White "Rodin,M"]
[Black "Dragomarezkij,E"]
[Result "0-1"]
[WhiteElo "2374"]
[BlackElo "2471"]

1.e4 c5 2.Nf3 e6 3.d4 cxd4 4.Nxd4 a6 5.Bd3 Qb6 6.Nb3 Qc7 7.f4 d6 8.Qe2 Nf6
9.Nc3 Be7 10.Be3 Nc6 11.Nd4 Nxd4 12.Bxd4 e5 13.Be3 Bg4 14.Qf2 exf4 15.Qxf4 O-O
16.Bd4 Be6 17.O-O Nd7 18.Nd5 Bxd5 19.exd5 Ne5 20.Qg3 g6 21.Rae1 Rfe8 22.c4 Bf8
23.b3 Bg7 24.Kh1 Re7 25.Rc1 b6 26.Be2 a5 27.Qc3 f5 28.a3 Rae8 29.Rfe1 Nd7
30.Bxg7 Rxg7 31.Bf1 Rge7 32.Rxe7 Rxe7 33.b4 Re5 34.Rb1 axb4 35.Qxb4 Re3 36.Qa4 Re8
37.h3 Kg7 38.Qc6 Rc8 39.Qb5 h5 40.a4 Qd8 41.Re1 Kh7 42.Qb4 Nc5 43.Rb1 Qc7
44.Qxb6 Nxa4 45.Qe3 Qf7 46.Re1 Nc5 47.Bd3 Rc7 48.Bc2 Qf6 49.Qe8 Rg7 50.Qe3 Qh4
51.Qe2 Rb7 52.Kh2 Qf4+ 53.Kh1 Rg7 54.Rf1 Qg5 55.Re1 Rf7 56.Qe8 Qf6 57.Kh2 Kg7
58.Qe3 Rb7 59.Re2 Rc7 60.g3 h4  0-1

[Event "ISYG-M14"]
[Site "Moscow RUS"]
[Date "2002.06.21"]
[Round "4"]
[White "Papin,V"]
[Black "Esenov,A"]
[Result "1-0"]
[WhiteElo "2201"]
[BlackElo "2084"]

1.e4 c5 2.Nf3 e6 3.d4 cxd4 4.Nxd4 a6 5.Bd3 b5 6.O-O Bb7 7.a4 b4 8.Nd2 Nc6
9.Nxc6 dxc6 10.Nc4 Bc5 11.Qg4 g6 12.e5 Qe7 13.Be3 Bxe3 14.Nd6+ Kf8 15.fxe3 f5
16.Qxb4 Bc8 17.Qb6 Bd7 18.Bxa6 Nh6 19.Bb7 Rd8 20.a5 Ng4 21.a6 Nxe5 22.a7 Qxd6
23.Qxd8+ Kg7 24.Qxh8+ Kh6 25.a8=Q Ng4 26.Qaf8+  1-0